Identifikovanie skrytých vzťahov medzi ukazovateľmi vybraných podnikov na Slovensku

Uložené v:
Podrobná bibliografia
Hlavný autor: Vojtková, Mária, 1966-
Médium: Kapitola
Jazyk:Slovak
Tagy: Pridať tag
Žiadne tagy, Buďte prvý, kto otaguje tento záznam!

MARC

LEADER 00000naa$a2200000$$$4500
001 0122992
005 20240502083314.4
041 0 |a slo 
044 |a CZ 
245 1 0 |a Identifikovanie skrytých vzťahov medzi ukazovateľmi vybraných podnikov na Slovensku  |c Mária Vojtková 
100 1 |a Vojtková, Mária, 1966-